Pays de la zone euro - Statistiques

Statistiques générales
  • Ce quiz a été pris 426 fois
    395 depuis la dernière actualisation
  • Le résultat moyen est 19 sur 24
Statistiques - réponses
Membre de la zone euro % Correct
France
100%
Espagne
97%
Allemagne
96%
Belgique
92%
Italie
91%
Portugal
91%
Autriche
89%
Luxembourg
86%
Pays-Bas
85%
Lituanie
84%
Lettonie
83%
Estonie
82%
Finlande
80%
Slovénie
80%
Irlande
79%
Slovaquie
79%
Grèce
78%
Malte
76%
Chypre
74%
Andorre
57%
Monaco
53%
Saint-Marin
48%
Kosovo
46%
Monténégro
45%
Aucun quiz correspondant
Distribution des résultats
% des personnes avec chaque résultat
Percentile par nombre de réponses
Votre historique - résultats
Vous n’avez pas pris ce quiz depuis la dernière actualisation